<?xml version="1.0" encoding="UTF-8"?>
<collection xmlns="http://www.loc.gov/MARC21/slim">
 <record>
  <leader>01220nam a2200241 a 4500</leader>
  <controlfield tag="001">1/45611</controlfield>
  <controlfield tag="008">141118s1981    gr            00010 gre  </controlfield>
  <datafield tag="035" ind1=" " ind2=" ">
   <subfield code="l">48575</subfield>
  </datafield>
  <datafield tag="040" ind1=" " ind2=" ">
   <subfield code="a">GR-PeUP</subfield>
  </datafield>
  <datafield tag="082" ind1="0" ind2="0">
   <subfield code="a">331.88 ΠΟΣ</subfield>
  </datafield>
  <datafield tag="100" ind1="1" ind2=" ">
   <subfield code="a">Ποσάδας, Χ.</subfield>
  </datafield>
  <datafield tag="245" ind1="1" ind2="2">
   <subfield code="a">Ο ρόλος των συνδικάτων σ' αυτή τή φάση της ιστορίας στά εργατικά κράτη και στό καπιταλιστικό σύστημα 26 Μαίου 1980 :</subfield>
   <subfield code="b">δημόσια διάλεξη μέ τή συμμετοχή ηγετών του συνδικαλιστικού κινήματος της Ελλάδας /</subfield>
   <subfield code="c">Χ. Ποσάδας.</subfield>
  </datafield>
  <datafield tag="260" ind1="0" ind2=" ">
   <subfield code="a">Αθήνα :</subfield>
   <subfield code="b">Εκδόσεις επιστήμη κουλτούρα πολιτική,</subfield>
   <subfield code="c">[1981].</subfield>
  </datafield>
  <datafield tag="300" ind1=" " ind2=" ">
   <subfield code="a">64 σ. ;</subfield>
   <subfield code="c">21 εκ.</subfield>
  </datafield>
  <datafield tag="650" ind1=" " ind2="4">
   <subfield code="a">Συνδικαλισμός.</subfield>
  </datafield>
  <datafield tag="650" ind1=" " ind2="4">
   <subfield code="a">Syndicalism.</subfield>
  </datafield>
  <datafield tag="650" ind1=" " ind2="4">
   <subfield code="a">Εργατικά κινήματα.</subfield>
  </datafield>
  <datafield tag="650" ind1=" " ind2="4">
   <subfield code="a">Εργατικές ενώσεις.</subfield>
  </datafield>
  <datafield tag="650" ind1=" " ind2="4">
   <subfield code="a">Unions.</subfield>
  </datafield>
  <datafield tag="650" ind1=" " ind2="4">
   <subfield code="a">Συνδικαλισμός.</subfield>
  </datafield>
  <datafield tag="650" ind1=" " ind2="4">
   <subfield code="a">Labor unions.</subfield>
  </datafield>
  <datafield tag="650" ind1=" " ind2="4">
   <subfield code="a">Union movement.</subfield>
  </datafield>
  <datafield tag="852" ind1=" " ind2=" ">
   <subfield code="a">INST</subfield>
   <subfield code="b">UNIPILB</subfield>
   <subfield code="c">MAIN</subfield>
   <subfield code="e">20141118</subfield>
   <subfield code="h">331.88 ΠΟΣ</subfield>
   <subfield code="p">00172250</subfield>
   <subfield code="q">00172250</subfield>
   <subfield code="t">LOAN</subfield>
   <subfield code="y">0</subfield>
   <subfield code="4">1</subfield>
  </datafield>
 </record>
</collection>
